LEADER 01151nam a2200289 i 4500 001 000000143619 003 CaOOAMICUS 005 20211206095016.0 008 161212s2016 it u000 u ita u 013 $a118977 020 $a978-88-250-4371-6 040 $aSeMil$bita 100 1 $aSimonelli, Cristina,$d<1956- >.$0(OLS)http://semarc/name/38362 245 10$aDonne diacono? :$bla posta in gioco /$cCristina Simonelli, Moira Scimmi. 264 1$aPadova :$bMessaggero,$c2016. 300 $a102 p. ;$c17 cm. 490 1 $aInstant Book 650 4$aDiaconato - Donna.$0(OLS)http://semarc/subject/8666 700 1 $aScimmi, Moira,$d<1970- <.$0(OLS)http://semarc/name/57629 830 0$aInstant book.$0(OLS)http://semarc/title/419899 850 $aSeMil 852 $aSeMil$W1$xVenegono$y1$m2D I 444$j96683$B96683$CSeMilBibl$Z2$F104184 $81 961 $aOmaggio: Altro 996 $6020$a978-88-250-4371-6$9(OLS)http://semarc/number/132067 996 $6245$aDonne diacono? :$bla posta in gioco$9(OLS)http://semarc/title/210191 996 $6264$aPadova :$bMessaggero$9(OLS)http://semarc/publisher/29786 LEADER 01059nam a2200205 4500 001 000000342493 003 CaOOAMICUS 005 20201006153311.0 008 201006s1968 fr 000 u fre r 040 $aSeMil$bita 245 10$aDieu vient à la rencontre de l'homme :$bconférences par le Cardinal Journet à Genève au Centre Universitaire Catholique du 12 octobre 1968 au 14 juin 1969. 250 $aDattiloscritto 264 1$a[S.l. :$bs.n.],$c1969. 300 $aP. 222-458 773 0 $aJournet, Charles $tEntretiens sur le mystere chretien expose de la foi catholique.$d[S.l. : s.n.], 1967.$bDattiloscritto$w()342491 850 $aSeMil 852 $aSeMil$W1$xVenegono$y1$m6X VI 11/2$j221709$B233432$CSeMilBibl$Z2$F233432 $8B 996 $6245$aDieu vient à la rencontre de l'homme :$bconférences par le Cardinal Journet à Genève au Centre Universitaire Catholique du 12 octobre 1968 au 14 juin 1969$9(OLS)http://semarc/title/431327 996 $6264$a[S.l. :$bs.n.]$9(OLS)http://semarc/publisher/29751